000 00396cam a22001337a 4500
008 180718b1985 xxu||||| |||| 00| 0 eng d
082 _aK23x5452 T142/4
100 _aTamil Nadu. Pay Commission (Fourth)
245 _aFourth Tamil Nadu Pay Commission, 1985
260 _aMadras
_bThe author
_c1985
300 _a255+p.
500 _aChairman: N.S. Ramaswami
700 _aRamaswami, N.S. (Chairman)
999 _c489312
_d489312